| 000 | 00651nam a2200205Ia 4500 | ||
|---|---|---|---|
| 999 |
_c36441 _d36441 |
||
| 001 | 2356 | ||
| 003 | GE_BSU | ||
| 005 | 20221027112511.0 | ||
| 008 | 181216s2011tu xx |||||||||||||| ||tur|| | ||
| 020 | _a9731937271091 | ||
| 040 | _cGE_BSU | ||
| 041 | _atur | ||
| 080 | _a271.22 T- 46 | ||
| 245 | _aThus Saith Son Ahman, Even Your Lord Jesus Christ, My Own Will to all Nations on Earth of Full Power to be Fulfilled. | ||
| 264 | _c2011. | ||
| 300 | _a149 c.: | ||
| 653 | _aThus Saith Son Ahman, Even Your Lord Jesus Christ, My Own Will to all Nations on Earth of Full Power to be Fulfilled. | ||
| 653 | _aრელიგია | ||
| 942 |
_cBK _2udc |
||